Music Quiz

Random Music Quiz

ESC artist quiz 2010-17 (part 1) Stats

Quiz not verified by Sporcle

Challenge
Share
Tweet
Embed
Score 0/201 Timer 20:00
0 Plays Today
Year & Country Artist % Correct
Austria 2017Nathan Trent
71.8%
Austria 2014Conchita Wurst
70.1%
Australia 2017Isaiah
65%
Azerbaijan 2017Dihaj
65%
Australia 2016Dami Im
64.1%
Belgium 2017Blanche
64.1%
Albania 2017Lindita
63.2%
Armenia 2017Artsvik
63.2%
Bulgaria 2017Kristian Kostov
63.2%
Belarus 2017Naviband
62.4%
Australia 2015Guy Sebastian
60.7%
Bulgaria 2011Poli Genova
60.7%
Bulgaria 2016Poli Genova
60.7%
Germany 2010Lena
60.7%
Germany 2011Lena
60.7%
Cyprus 2017Hovig
58.1%
France 2017Alma
58.1%
Belgium 2016Laura Tesoro
56.4%
France 2016Amir
56.4%
Ireland 2015
56.4%
Denmark 2013Emmelie de Forest
53.8%
Azerbaijan 2016Samra
53%
Armenia 2016Iveta Mukuchyan
51.3%
Azerbaijan 2011Ell & Nikki
51.3%
Moldova 2017SunStroke Project
51.3%
Austria 2015The Makemakes
50.4%
Greece 2017Demy
50.4%
Czech Republic 2017Martina Barta
49.6%
Denmark 2017Anja Nissen
49.6%
Finland 2017Norma John
49.6%
Germany 2017Levina
49.6%
Belarus 2016IVAN
48.7%
Austria 2016Zoë
47.9%
Armenia 2014Aram MP3
46.2%
Azerbaijan 2010Safura
46.2%
Denmark 2016Lighthouse X
46.2%
Croatia 2017Jacques Houdek
45.3%
Macedonia 2012Kaliopi
45.3%
Macedonia 2016Kaliopi
45.3%
Belarus 2014Teo
44.4%
Cyprus 2016Minus One
44.4%
Iceland 2017Svala
44.4%
Israel 2016Hovi Star
44.4%
Latvia 2016Justs
44.4%
Hungary 2016Freddie
43.6%
Italy 2015Il Volo
43.6%
Italy 2017Francesco Gabbani
43.6%
Albania 2015Elhaida Dani
42.7%
Latvia 2017Triana Park
42.7%
Germany 2016Jamie-Lee
41.9%
Albania 2016Eneda Tarifa
41%
Germany 2015Ann Sophie
41%
Israel 2017Imri Ziv
41%
Latvia 2015Aminata
41%
Albania 2012Rona Nishliu
40.2%
Ireland 2017Brendan Murray
40.2%
Lithuania 2012Donny Montell
40.2%
Lithuania 2016Donny Montell
40.2%
Azerbaijan 2012Sabina Babayeva
39.3%
Belgium 2015Loïc Nottet
39.3%
Ireland 2011Jedward
38.5%
Ireland 2012Jedward
38.5%
Armenia 2015Genealogy
37.6%
Belgium 2010Tom Dice
37.6%
Denmark 2015Anti Social Media
35%
France 2014Twin Twin
35%
Germany 2013Cascada
35%
Year & Country Artist % Correct
Albania 2010Juliana Pasha
34.2%
Azerbaijan 2013Farid Mammadov
34.2%
Croatia 2016Nina Kraljic
34.2%
Georgia 2015Nina Sublatti
34.2%
Armenia 2011Emmy
33.3%
Cyprus 2012Ivi Adamou
33.3%
Denmark 2014Basim
33.3%
Estonia 2017Koit Toome & Laura
33.3%
Hungary 2015Boggie
33.3%
Armenia 2010Eva Rivas
32.5%
Czech Republic 2016Gabriela Guncikova
32.5%
Greece 2016Argo
32.5%
Belgium 2013Roberto Bellarosa
31.6%
Denmark 2011A Friend In London
31.6%
Germany 2012Roman Lob
31.6%
Italy 2012Nina Zilli
31.6%
Lithuania 2017Fusedmarc
31.6%
Austria 2013Natalia Kelly
30.8%
Finland 2014Softengine
30.8%
Armenia 2013Dorians
29.9%
Ireland 2016Nicky Byrne
29.9%
Albania 2014Hersi
29.1%
Bosnia & Herzegovina 2011Dino Merlin
29.1%
Finland 2016Sandhja
29.1%
Israel 2015Nadav Guedj
29.1%
Austria 2012Trackshittaz
28.2%
Belarus 2013Alyona Lanskaya
28.2%
Belarus 2015Uzari & Maimuna
27.4%
Belgium 2012Iris
27.4%
Bosnia & Herzegovina 2012Maya Sar
27.4%
Hungary 2013ByeAlex
27.4%
Austria 2011Nadine Beiler
26.5%
Bulgaria 2012Sofi Marinova
26.5%
Estonia 2014Tanja
26.5%
Germany 2014Elaiza
26.5%
Italy 2016Francesca Michielin
26.5%
Latvia 2013PeR
26.5%
Belgium 2014Axel Hirsoux
25.6%
Estonia 2012Ott Lepland
25.6%
Estonia 2016Jüri Pootsmann
25.6%
Italy 2013Marco Mengoni
25.6%
Macedonia 2017Jana Burceska
25.6%
Azerbaijan 2014Dilara Kazimova
24.8%
Belarus 20103+2
24.8%
Israel 2011Dana International
24.8%
Hungary 2011Kati Wolf
23.9%
Belarus 2012Litesound
23.1%
Belgium 2011Witloof Bay
23.1%
Estonia 2011Getter Jaani
23.1%
France 2010Jessy Matador
23.1%
Italy 2014Emma Marrone
23.1%
Finland 2013Krista Siegfrids
22.2%
France 2015Lisa Angell
22.2%
Ireland 2013Ryan Dolan
22.2%
Azerbaijan 2015Elnur Hüseynov
21.4%
Bulgaria 2010Miro
21.4%
Bulgaria 2013Elitsa & Stoyan
21.4%
Croatia 2010Feminnem
21.4%
Croatia 2013Klapa s Mora
21.4%
Georgia 2017Tamara Gachechiladze
21.4%
Albania 2011Aurela Gace
20.5%
Israel 2014Mei Finegold
20.5%
Italy 2011Raphael Gualazzi
20.5%
Estonia 2015Elina Born & Stig Rästa
19.7%
France 2012Anggun
19.7%
France 2013Amandine Bourgeois
19.7%
Hungary 2012Compact Disco
19.7%
Year & Country Artist % Correct
Finland 2011Paradise Oskar
18.8%
Israel 2010Harel Skaat
18.8%
Israel 2012Izabo
17.9%
Croatia 2012Nina Badric
17.1%
Greece 2012Eleftheria Eleftheriou
17.1%
Ireland 2010Niamh Kavanagh
17.1%
Israel 2013Moran Mazor
17.1%
Croatia 2011Daria Kinzer
16.2%
Denmark 2012Soluna Samay
16.2%
Estonia 2010Malcolm Lincoln
16.2%
Georgia 2011Eldrine
16.2%
Iceland 2014Pollapönk
16.2%
Moldova 2013Aliona Moon
16.2%
Cyprus 2015John Karagiannis
15.4%
Iceland 2011Sjonni's Friends
15.4%
Latvia 2011Musiqq
15.4%
Moldova 2016Lidia Isac
15.4%
Cyprus 2013Despina Olympiou
13.7%
Finland 2012Pernilla Karlsson
13.7%
Georgia 2016Nika Kocharov & Young Georgian Lolitaz
13.7%
Greece 2015Maria Elena Kyriakou
13.7%
Latvia 2010Aisha
13.7%
Latvia 2012Anmary
13.7%
Moldova 2012Pasha Parfeny
13.7%
Iceland 2010Hera Björk
12.8%
Moldova 2010SunStroke Project & Olia Tira
12.8%
Moldova 2014Cristina Scarlat
12.8%
Belarus 2011Anastasiya Vinnikova
12%
Cyprus 2010Jon Lilygreen & The Islanders
12%
Cyprus 2011Christos Mylordos
12%
Hungary 2017Joci Pápai
12%
Moldova 2011Zdob si Zdub
12%
France 2011Amaury Vasilli
11.1%
Moldova 2015Eduard Romanyuta
11.1%
Finland 2010Kuunkuiskaajat
10.3%
Georgia 2010Sofia Nizharadze
10.3%
Georgia 2014The Shin & Mariko
10.3%
Lithuania 2013Andrius Pojavis
10.3%
Macedonia 2014Tijana
10.3%
Bosnia & Herzegovina 2016Dalal & Deen feat. Ana Rucner & Jala
9.4%
Greece 2014Freaky Fortune feat. RiskyKidd
9.4%
Hungary 2014András Kállay-Saunders
9.4%
Latvia 2014 Aarzemnieki
9.4%
Lithuania 2010InCulto
9.4%
Albania 2013 Adrian Lulgjuraj & Bledar Sejko
8.5%
Bosnia & Herzegovina 2010Vukasin Brajic
8.5%
Estonia 2013Birgit Õigemeel
8.5%
Georgia 2012Anri Jokhadze
8.5%
Greece 2011Loukas Giorkas feat. Stereo Mike
8.5%
Iceland 2012Gréta Salóme & Jónsi
8.5%
Iceland 2016Gréta Salóme
8.5%
Macedonia 2013Esma & Lozano
8.5%
Macedonia 2015Daniel Kajmakoski
8.5%
Georgia 2013Nodi & Sophie
7.7%
Ireland 2014Can-Linn feat. Kasey Smith
7.7%
Lithuania 2011Evelina Sasenko
7.7%
Czech Republic 2015Marta & Vaclav
6.8%
Greece 2013Koza Mostra & Agathonas Iakovidis
6.8%
Finland 2015Pertti Kurikan Nimipäivät
6%
Greece 2010Giorgios Alkaios & Friends
6%
Iceland 2015María Ólafs
6%
Lithuania 2015Monika & Vaidas
6%
Iceland 2013Eythór Ingi Gunnlaugsson
5.1%
Lithuania 2014Vilija Mataciunaite
0.9%
Macedonia 2010Gjoko Taneski
0.9%
Macedonia 2011Vlatko Ilievski
0.9%
Denmark 2010Chanée & N’Evergreen
0%

You're not logged in!

Compare scores with friends on all Sporcle quizzes.
Sign Up with Email
OR
Log In

You Might Also Like...

Show Comments

Extras

Top Quizzes Today


Score Distribution

Your Account Isn't Verified!

In order to create a playlist on Sporcle, you need to verify the email address you used during registration. Go to your Sporcle Settings to finish the process.

Report this User

Report this user for behavior that violates our Community Guidelines.

Details: